=LDR 00000nam 2200000 4500 =001 INLIS000000000047051 =005 20150706120434.0 =006 =007 =008 =035 ##$$0010-071500000000021 =082 ##$$a 741.5 =090 ##$$a 741.5 spo p.3 =100 ##$$a blind spot =245 ##$$a penemuan game =260 ##$$a elex media koputindo =300 ##$$a hln. 28 =850 ##$$a NPBMAT =990 ##$$a 2090100964/BPAP-NTB/2015